Vzorová účtovná závierka zostavená podľa slovenských právnych predpisov k 31. decembru 2004 = Illustrative financial statements 2004 = Illustrativer Jahresabschluss 2004 : (v slovenskom, anglickom a nemeckom jazyku)
Uložené v:
| Médium: | Kniha |
|---|---|
| Jazyk: | Slovak English German |
| Vydané: |
Bratislava :
Iura Edition,
2004
|
| Vydanie: | [1. vyd.] |
| Edícia: | Ekonómia
zv. 133 |
| Témy: | |
| ISBN: |
8080780218 (brož.) |
| Fyzický popis: |
32, 32, 35 s. : tab. ; 30 cm + CDK 1586 |
| Tagy: |
Pridať tag
Žiadne tagy, Buďte prvý kto otaguje tento záznam!
|
Titul je dostupný aj v ... 

MARC
| LEADER | 00000nam a2200000 a 4500 | ||
|---|---|---|---|
| 001 | 000009727 | ||
| 005 | 20050502100853.0 | ||
| 008 | 050330s2004 xo a e 000 0 sloo | ||
| 020 | |a 8080780218 (brož.) | ||
| 040 | |a SVKKK |b slo |c SVKKK |e AACR2 | ||
| 041 | 0 | |a slo |a eng |a ger | |
| 044 | |a xo |c SK | ||
| 072 | 7 | |a 657 |x Účtovníctvo |2 konspekt | |
| 080 | |a 657.372 |2 1997 | ||
| 080 | |a (035) |2 1997 | ||
| 245 | 0 | 0 | |a Vzorová účtovná závierka zostavená podľa slovenských právnych predpisov k 31. decembru 2004 = |b Illustrative financial statements 2004 = Illustrativer Jahresabschluss 2004 : (v slovenskom, anglickom a nemeckom jazyku) |
| 246 | 3 | 1 | |a Illustrative financial statements 2004 |
| 246 | 3 | 1 | |a Illustrativer Jahresabschluss 2004 |
| 250 | |a [1. vyd.] | ||
| 260 | |a Bratislava : |b Iura Edition, |c 2004 | ||
| 300 | |a 32, 32, 35 s. : |b tab. ; |c 30 cm + |e CDK 1586 | ||
| 440 | 0 | |a Ekonómia |v zv. 133 | |
| 500 | |a Súbežný názov a text angl., nem. | ||
| 538 | |a Súčasťou publikácie je elektronická verzia na CD | ||
| 650 | 0 | 7 | |a účtovná závierka |2 SVKKKPH |
| 655 | 7 | |a príručky |2 SVKKKPH | |
| 919 | |a 80-8078-021-8 | ||
| 998 | |a BK | ||
| 090 | |g SCKHL |k Sklad Hlavná 10 prízemie |a V.212729 |j 967348 |i 2720034162 |s Absenčne | ||